02983cam a22003375a 4500999001700000001000900017003000900026005001700035008004100052020001800093040004300111082002300154245006600177250001900243264006600262264001100328300004700339336002600386337002800412338002700440500002300467504005100490520175700541590001702298650005602315650006102371653002302432655001702455942001902472952015402491 c12561d1256115659056EG-ScBUE20200112112742.0090313t2010 waua f b 001 0 eng d a9781433805615 aEG-ScBUEbengerdacEG-ScBUEdEG-ScBUE04a808.06615bPUB22200aPublication manual of the American Psychological Association. aSixth edition. 1aWashington, DC :bAmerican Psychological Association,c[2010] 4cc 2010 axviii, 272 pages :billustrations ;c24 cm 2rdacontentatextbtxt 2rdamediaaunmediatedbn 2rdacarrieravolumebnc aIncludes appendix. aIncludes bibliographical references and index. aWith millions of copies sold, the Publication Manual of the American Psychological Association is the style manual of choice for writers, editors, students, educators, and professionals in psychology, sociology, business, economics, nursing, social work, and justice administration, and other disciplines in which effective communication with words and data is fundamental. In addition to providing clear guidance on grammar, the mechanics of writing, and APA style, the Publication Manual offers an authoritative and easy-to-use reference and citation system and comprehensive coverage of the treatment of numbers, metrication, statistical and mathematical data, tables, and figures for use in writing, reports, or presentations. The new edition has been revised and updated to include: the latest guidelines and examples for referencing electronic and online sources, new and revised guidelines for submitting papers electronically, improved guidelines for avoiding plagiarism, simplified formatting guidelines for writers using up-to-date word-processing software, all new guidelines for presenting case studies, improved guidelines for the construction of tables, updates on copyright and permissions issues for writers, new reference examples for audiovisual media and patents, an expanded and improved index for quick and easy access. Writers, scholars, and professionals will also find: new guidelines on how to choose text, tables, or figures to present data, guidelines for writing cover letters for submitting articles for publication (plus a sample letter), expanded guidelines on the retention of raw data, new advice on establishing written agreements for the use of shared data, and, new information on the responsibilities of co-authors. anadeen magdy 7aPsychologyxAuthorshipvStyle manuals.2BUEsh98406 7aSocial sciencesxAuthorshipvStyle manuals.2BUEsh98407 bHHUUEENNcJuly2019 vReading book 2ddccREFERENCE 00102ddc40708BaccahaMAINbMAINc0THd2009-08-10epurchaseg170.00h8431l0o808.06615 PUBp000017797r2025-07-15 00:00:00w2009-08-10yREFERENCE